Online
Catalog
Normal view MARC view

Entry Nombre personal

Number of records used in: 9

001 - NÚMERO DE CONTROL

  • campo de control: 74808

003 - IDENTIFICADOR DEL NÚMERO DE CONTROL

  • campo de control: BNPHU

005 - FECHA Y HORA DE LA ÚLTIMA TRANSACCIÓN

  • campo de control: 20250210090746.0

008 - DATOS DE LONGITUD FIJA

  • campo de control de longitud fija: 200615|| aca||aabn | a|a d

010 ## - NÚMERO DE CONTROL DE LA BIBLIOTECA DEL CONGRESO

  • Número de control de LC: n 00031397
  • Número de control de LC cancelado o no válido: no 93023947

040 ## - FUENTE DE LA CATALOGACIÓN

  • Centro catalogador/agencia de origen: DO-SdBNP
  • Lengua de catalogación: spa
  • Centro/agencia transcriptor: BNPHU
  • Normas de descripción: rda

100 1# - ENCABEZAMIENTO-NOMBRE DE PERSONA

  • Nombre de persona: Zabala Lorenzo, Roque,
  • Fechas asociadas al nombre: 1954-

370 ## - LUGAR ASOCIADO

  • Lugar de nacimiento: Matas de Farfán (República Dominicana)

372 ## - CAMPO DE ACTIVIDAD

  • Campo de actividad: Estudios superiores en la Universidad Autónoma de Santo Domingo. Licenciado en Ciencias de la Comunicación Social. en la Universidad Eugenio Maria de Hostos donde se gradúa en Derecho.
  • Campo de actividad: Postgrado y especialidades : Derecho Procesal Civil. - Mercadeo y Ventas - Relaciones públicas - Diplomacia y Derecho Internacional. Estudioso de la historia dominicana.

375 ## - GÉNERO/SEXO

  • Género/Sexo: Masculino

400 1# - TRAZADO DE VÉASE--NOMBRE DE PERSONA

  • Nombre de persona: Roque Z., Lorenzo
  • Fechas asociadas al nombre: 1954-

670 ## - FUENTE DE DATOS ENCONTRADOS

  • Cita de la fuente: Work cat.: (OSt)46347: Zabala Lorenzo, Roque, 1954-, Proclamas de Independencia /, 2015.

670 ## - FUENTE DE DATOS ENCONTRADOS

  • Cita de la fuente: Los gobiernos azules y la prensa, 1986:
  • Información encontrada: Cubierta (Roque Zabala Lorenzo) p. 4 cubierta de la cubierta (n. 8/16/1954)
  • Identificador Uniforme del Recurso: https://authorities.loc.gov/cgi-bin/Pwebrecon.cgi?AuthRecID=5112774&v1=1&HC=1&SEQ=20250210090424&PID=hdpLrolbjq7HaOTcHhv-DZlFdEO- Consultado en 10 de fevrero, 2025

Powered by Koha